000 01429pab a2200181 454500
008 180718b2003 xxu||||| |||| 00| 0 eng d
100 _aBoston, Jonathan
245 _aThe impact of proportional representation on government effectiveness: the New Zealand experience
260 _c2003
300 _ap.7-22.
520 _aIt is often claimed that proportional representation )PR) undermines government effectiveness, including decisional efficacy, fiscal prudence, electoral responsiveness and accountability. Drawing on New Zealand's experience since the introduction of a mixed-member proportional (MMP) electoral system in 1996, this article examines the impact of the new voting system on government effectiveness. Although government durability has been substantially reduced and the policy-making process has become more complex, governments under MMP appear to be no less able to address major policy problems or respond to changing economic circumstances. Moreover, New Zealand has maintained continuous fiscal surpluses under MMP - a radical departure from the protracted, and often large, deficits that characterised the previous two decades under a majoritarian electoral system. - Reproduced.
650 _aPublic administration - New Zealand
650 _aPublic administration
700 _aBale, Tim
700 _aChurch, Stephen
773 _aAustralian Journal of Public Administration
909 _a59202
999 _c59202
_d59202